| 000 | 00935nam a2200265 a 4500 | ||
|---|---|---|---|
| 001 | BRL_1283 | ||
| 005 | 20190320211128.0 | ||
| 008 | 191213t1938----mx-abo####---#000-0#eng-# | ||
| 041 | _aeng | ||
| 044 | _amx | ||
| 050 | 4 |
_aF1221.C56 _b.B48 1938 |
|
| 100 | 1 |
_aBevan, Bernard _926380 |
|
| 245 | 1 | 0 |
_aThe Chinantec _breport on the central and South-eastern chinatec region _cby Bernard Bevan. |
| 260 |
_aMéxico _bInstituto Panamericano de Geografía e Historia _c1938 |
||
| 300 |
_av. _bil., mapas _c27 cm. |
||
| 440 | 0 |
_aInstituto panamericano de geografiìa de e historia. Publicacioìn _v24 _926381 |
|
| 500 | _aAu1661 | ||
| 504 | _aBibliografía: V.1 p. 149-152 | ||
| 505 | 0 | _aContenido: v.1 The Chinantec and their habitat. | |
| 650 | 1 | 4 |
_aChinantecos _926382 |
| 650 | 1 | 4 |
_aChinantecos _xLenguaje y lenguas - Textos _926383 |
| 650 | 1 | 4 |
_aChinantecos _vBibliografia _xLenguaje y lenguas _926384 |
| 902 | _aGRL | ||
| 942 |
_2lcc _cB |
||
| 999 |
_c10095 _d10095 |
||